Food and nutritional science: With objective questions and answers (Record no. 393626)

MARC details
000 -LEADER
fixed length control field 00567 a2200205 4500
005 - DATE & TIME
control field 20251226110650.0
008 - FIXED-LENGTH DATA ELEMENTS--GENERAL INFORMATION
fixed length control field 251226b |||||||| |||| 00| 0 eng d
020 ## - ISBN
International Standard Book Number 9789387964082
Price Rs. 350.00
040 ## - CATALOGING SOURCE
Original cataloging agency VIVEKANANDA LIBRARY
082 ## - DDC NUMBER
Classification number 612.3
Book Number V59F(2)
100 ## - MAIN ENTRY--PERSONAL NAME
Personal name Verma, Pooja
245 ## - TITLE STATEMENT
Title Food and nutritional science: With objective questions and answers
250 ## - EDITION STATEMENT
Edition statement 2nd
260 ## - PUBLICATION, DISTRIBUTION, ETC. (IMPRINT)
Name of publisher, distributor, etc CBS Publishers and Distributors
Place of publication, distribution, etc New Delhi
Date of publication, distribution, etc 2024
300 ## - PHYSICAL DESCRIPTION
Pages 206
650 ## - Subject
Subject Nutrition
650 ## - Subject
Subject Nutritional Physiology
650 ## - Subject
Subject Food Technology
942 ## - ADDED ENTRY ELEMENTS (KOHA)
Koha item type Books
Holdings
Withdrawn status Lost status Source of classification or shelving scheme Damaged status Not for loan Location (home branch) Sublocation or collection (holding branch) Shelving location Date acquired Koha issues (times borrowed) Koha full call number Accession No. Koha date last seen Koha item type
    Dewey Decimal Classification     VIVEKANANDA LIBRARY VIVEKANANDA LIBRARY Vivekananda Library 04/12/2025   612.3 V59F(2) 443555 04/12/2025 Books
© Designed and Maintained by Vivekananda Library, MDU Rohtak